| 000 | 00853nam a2200241 a 4500 | ||
|---|---|---|---|
| 001 | 000027003 | ||
| 003 | OSt | ||
| 005 | 20210818094134.0 | ||
| 008 | 110328s2005 dr ac r 000 0 spa d | ||
| 040 |
_aDO-SdBNP _bspa _cBNPHU |
||
| 082 | 4 |
_222 _a926.1 _bC167E |
|
| 100 | 1 |
_aEusebio, Héctor _954104 |
|
| 245 | 1 | 0 |
_aBiografía Dr. Vinicio Calventi : _bel maestro / _cHéctor Eucebio ; prólogo Alejandro Pichardo. |
| 260 |
_aSanto Domingo : _bBúho, _c2005. |
||
| 300 |
_a77 p. : _bil., retrs. ; _c22 cm. |
||
| 500 | _aIncluye datos biográficos del autor en la contracubierta. | ||
| 504 | _aBibliografía : p. 75 | ||
| 590 | _aInventariado, 2020/BT | ||
| 600 | 1 | 4 |
_aCalventi, Vinicio, _d1925-2004 _979473 |
| 650 | 4 |
_aMedicos _zRepública Dominicana _vBiografías _973452 |
|
| 700 | 1 |
_aPichardo, Alejandro, _epról. _9238 |
|
| 942 |
_2ddc _cLBS1 |
||
| 999 |
_c26495 _d26495 |
||